000 01133nam a2200313Ia 4500
001 ebr10284199
003 CaPaEBR
006 m u
007 cr cn|||||||||
008 020715s2003 nju s 001 0 eng d
010 _z 2002029338
020 _z9780691120409
020 _z069109652X (alk. paper)
040 _aCaPaEBR
_cCaPaEBR
035 _a(OCoLC)437140462
050 1 4 _aJF529
_b.G886 2003eb
100 1 _aGutmann, Amy.
245 1 0 _aIdentity in democracy
_h[electronic resource] /
_cAmy Gutmann.
260 _aPrinceton :
_bPrinceton University Press,
_cc2003.
300 _a246 p.
500 _aIncludes bibliographical references and index.
533 _aElectronic reproduction.
_bPalo Alto, Calif. :
_cebrary,
_d2009.
_nAvailable via World Wide Web.
_nAccess may be limited to ebrary affiliated libraries.
650 0 _aPressure groups.
650 0 _aGroup identity.
650 0 _aDemocracy.
655 7 _aElectronic books.
_2local
710 2 _aebrary, Inc.
856 4 0 _uhttp://site.ebrary.com/lib/rucke/Doc?id=10284199
_zAn electronic book accessible through the World Wide Web; click to view
999 _c17530
_d17530